| 000 | 00366nam a22001457a 4500 | ||
|---|---|---|---|
| 020 | _qPB. | ||
| 040 | _cFIZZA ISHAQ | ||
| 082 |
_a674.10944 _bKAI |
||
| 100 |
_aBOOTLE,R KAITH. _989162 |
||
| 245 |
_aWOOD IN AUSTRALIA TYPES PROPERTIES AND USES / _cKEITH R.BOOTLE. |
||
| 250 | _a2nd ED. | ||
| 260 |
_aMC GRAW HILL ; _c2005. |
||
| 300 | _a452 P. ; | ||
| 942 |
_2ddc _cBK |
||
| 999 |
_c587982 _d587982 |
||